[Event "Tianjin Prestigious Univ-ch"]
[Site "Tianjin"]
[Date "2019.11.27"]
[Round "6"]
[White "Wang, Nancy"]
[Black "Papanek, Ella Sharpe"]
[Result "0-1"]
[WhiteElo "1823"]
[BlackElo "1777"]
[PlyCount "104"]
[EventDate "2019.11.26"]
[EventType "team-tourn"]
[EventRounds "11"]
[EventCountry "CHN"]
[SourceTitle "CBM 193 Extra"]
[Source "ChessBase"]
[SourceDate "2020.01.31"]
[SourceVersion "1"]
[SourceVersionDate "2020.01.31"]
[SourceQuality "1"]

1. e4 c5 2. Nc3 e6 3. g3 Nc6 4. Bg2 a6 5. d3 b5 6. Be3 Bb7 7. Qd2 Nf6 8. e5 Ng4 9. Bg5 Qc7 10. f4 h6 11. h3 Ngxe5 12. Bh4 Ng6 13. Nf3 Nd4 14. 0-0 Nf5 15. Rae1 Ngxh4 16. Nxh4 Nxg3 17. Rf2 Be7 18. Nf3 Nf5 19. Rfe2 Rc8 20. Ne5 Bh4 21. Rd1 d5 22. Ng4 d4 23. Nd5 Bxd5 24. Bxd5 h5 25. Bxe6 fxe6 26. Rxe6+ Kf8 27. Nh2 Ne3 28. Rc1 Kg8 29. Re4 Rh6 30. Nf3 Rg6+ 31. Kh1 Bg3 32. Ne5 Rf6 33. Qe2 h4 34. Qh5 Bxf4 35. Ng6 Rxg6 36. Qxg6 Qf7 37. Rg1 Qxg6 38. Rxg6 Bh6 39. Rxh4 Kh7 40. Rxa6 Rf8 41. Rb6 Rf1+ 42. Kh2 Rf2+ 43. Kg1 Rg2+ 44. Kh1 b4 45. a4 bxa3 46. bxa3 Rxc2 47. a4 Ra2 48. Ra6 Nf5 49. Rg4 Be3 50. Rg2 Ra1+ 51. Kh2 Bf4+ 52. Rg3 Bxg3+ 0-1